000 01141cam a22003017a 4500
003 CHAP
005 20220329134739.0
008 971013s1968 r 00010 d
010 _a25203
011 _a26175
035 _a30275
040 _cCHAP
090 _aFolleto 1087
110 _aInstituto Interamericano de Estadística
_959224
245 0 _aEstadísticas de precios agropecuarios
_b: conceptos básicos, características, métodos en relación a sus usos
260 _a(s.l.) :
_bInstituto Interamericano de Estadística,
_c(1968)
300 _a64 p
500 _aIV Sesión de la Subcomisión de Estadísticas Agropecuarias de la Comisión de Mejoramiento de la Estadísticas Nacionales. Washington, D.C. 1968
590 _aBATCH-UPD
_b10
_c20130110
_lUCH01
_h2002
590 _aBATCH-UPD
_b10
_c20130410
_lUCH01
_h1322
590 _aBATCH-UPD
_b10
_c20130914
_lUCH01
_h1939
590 _aCONVERSION
_b10
_c20130109
_lUCH01
_h1315
650 1 4 _aAgricultura
_xEstadisticas.
_91417
650 1 4 _aProductos agrícolas
_xPrecios.
_992004
901 _aBK
942 _cFOLL
949 _aFolleto 1087
_bBC
_cFOLL
_d-70238
_eTS1
_i30275
_si
999 _c25203
_d25203